Autokennzeichen aus Deutschland - Teil 1(A - M) - Statistiken

Allgemein
  • Dieses Quiz wurde 104 mal gespielt
  • Das Durchschnittsergebnis liegt bei 7 aus 20
Antwortstatistiken
Autokz. Stadt / Landkreis % Korrekt
AC Aachen
100%
AIC Aichach - Friedberg (LK)
100%
ANK Anklam
100%
ANA Annaberg - Buchholz
100%
A Augsburg
100%
AUR Aurich
100%
EMS Bad Ems an der Lahn
100%
KH Bad Kreuznach
100%
BT Bayreuth
100%
B Berlin
100%
BB Böblingen
100%
BO Bochum
100%
BOR Borken
100%
BRA Brake an der Unterweser
100%
BRB Brandenburg an der Havel
100%
BRÜ Brühl
100%
BÜS Büsingen am Rhein
100%
CE Celle
100%
C Chemnitz
100%
CO Coburg
100%
CB Cottbus
100%
CUX Cuxhaven
100%
DAH Dachau
100%
DAN Dannenberg an der Elbe
100%
DA Darmstadt
100%
DEL Delmenhorst
100%
DM Demmin
100%
DE Dessau - Roßlau
100%
DIZ Diez
100%
DGF Dingolfing - Landau (LK)
100%
DKB Dinkelsbühl
100%
DON Donauwörth
100%
DO Dortmund
100%
DU Duisburg
100%
D Düsseldorf
100%
EW Eberswalde
100%
EIC Eichsfeld (LK)
100%
EM Emmendingen
100%
ER Erlangen
100%
EU Euskirchen
100%
FL Flensburg
100%
F Frankfurt am Main
100%
FB Freiberg
100%
FDS Freudenstadt
100%
FRI Friesland (LK)
100%
FÜS Füssen
100%
G Gera
100%
GF Gifhorn
100%
GTH Gotha
100%
Göttingen
100%
GUB Guben
100%
HAL Halle (Saale)
100%
HM Hameln - Pyrmont (LK)
100%
HAM Hamm
100%
H Hannover
100%
HB Hansestadt Bremen
100%
HH Hansestadt Hamburg
100%
HRO Hansestadt Rostock
100%
HAS Hassfurt (Hassberge)
100%
HEI Heide
100%
HD Heidelberg
100%
HDH Heidenheim an der Brenz
100%
HN Heilbronn
100%
HZG Herzogenrath
100%
HI Hildesheim
100%
HOM Homburg (Saar)
100%
ILL Illertissen
100%
IN Ingolstadt
100%
J Jena
100%
KA Karlsruhe
100%
KEL Kehl
100%
KEV Kevelaer
100%
KO Koblenz
100%
K Köln
100%
KÖT Köthen
100%
KUS Kusel
100%
LL Landsberg am Lech
100%
LA Landshut
100%
LER Leer (Ostfriesland)
100%
L Leipzig
100%
LEO Leonberg
100%
LEV Leverkusen
100%
LM Limburg an der Lahn
100%
LIP Lippe (LK)
100%
LÜN Lünen
100%
MD Magdeburg
100%
MKK Main - Kinzig - Kreis (LK)
100%
MA Mannheim
100%
MM Memmingen
100%
MI Minden
100%
MO Moers
100%
M München
100%
EMD Emden
83%
KAM Kamen
83%
BAD Baden - Baden
80%
BA Bamberg
80%
GI Gießen
80%
AN Ansbach
75%
Bi Bielefeld
75%
BIT Bitburg
75%
BS Braunschweig
75%
DD Dresden
75%
EN Ennepe - Ruhr (LK)
75%
E Essen
75%
FFB Fürstenfeldbruck
75%
HL Hansestadt Lübeck
75%
IK Ilm - Kreis (LK)
75%
MEI Meißen
75%
AA Aalen
67%
BZ Bautzen
67%
Bördekreis (LK)
67%
BOT Bottrop
67%
CAS Castrop - Rauxel
67%
CHA Cham
67%
DEG Deggendorf
67%
EBS Ebermannstadt
67%
ED Erding
67%
FKB Frankenberg (Eder)
67%
Fürth
67%
GK Geilenkirchen
67%
GLA Gladbeck
67%
GRM Grimma
67%
GG Groß - Gerau
67%
HER Herne
67%
IL Ilmenau
67%
IZ Itzehoe
67%
JÜL Jülich
67%
KS Kassel
67%
KI Kiel
67%
KLE Kleve
67%
KN Konstanz
67%
MG Mönchengladbach
67%
GOA Sankt Goar
67%
ALZ Alzenau
60%
DLG Dillingen an der Donau
60%
GE Gelsenkirchen
60%
HO Hof
60%
MR Marburg
60%
ALF Alfeld (Leine)
50%
Altötting
50%
AS Amberg - Sulzbach (LK)
50%
ASL Aschersleben
50%
AU Aue - Bad Schlema
50%
AIB Bad Aibling
50%
GAN Bad Gandersheim
50%
HEF Bad Hersfeld
50%
BGL Berchtesgadener Land
50%
BKS Bernkastel - Kues
50%
BN Bonn
50%
BNA Borna
50%
BCH Buchen im Odenwald
50%
CW Calw
50%
COE Coesfeld
50%
DAT Datteln
50%
DIL Dillenburg
50%
DUD Duderstadt
50%
DÜL Dülmen
50%
EBE Ebersberg
50%
EL Emsland (LK)
50%
FLÖ Flöha
50%
FO Forchheim
50%
FF Frankfurt (Oder)
50%
FDB Friedberg (Bayern)
50%
FN Friedrichshafen
50%
FD Fulda
50%
FW Fürstenwalde (Spree)
50%
GGN Gagenau
50%
GNT Genthin
50%
GRZ Greiz
50%
GM Gummersbach
50%
HA Hagen
50%
HMÜ Hann. Münden
50%
HZ Harz (LK)
50%
HV Havelberg
50%
HK Heidekreis (LK)
50%
HSK Hochsauerlandkreis
50%
HHM Hohenmölsen
50%
HX Höxter
50%
IB Ibbenbüren
50%
KL Kaiserslautern
50%
KIB Kirchheimbolanden
50%
KT Kitzingen
50%
KC Kronach
50%
LDK Lahn - Dill - Kreis (LK)
50%
LB Ludwigsburg
50%
LG Lüneburg
50%
EA Lutherstadt Eisenach
50%
MKL Markkleeberg
50%
MQ Merseburg - Querfurt
50%
MOS Mosbach
50%
MHL Mühlhausen
50%
BOG Bogen
43%
ECK Eckernförde
40%
HLT Haltern am See
40%
HP Heppenheim
40%
HBN Hildburghausen
40%
HIP Hilpoltstein
40%
KYF Kyffhäuserkreis (LK)
40%
LRO Landkreis Rostock (LK)
40%
LWL Ludwigslust
40%
MK Märkischer Kreis (LK)
40%
APD Apolda
33%
AB Aschaffenburg
33%
ASZ Aue - Schwarzenberg (LK)
33%
BLB Bad Berleburg
33%
DÜW Bad Dürkheim (Weinstraße)
33%
FRW Bad Freienwalde (Oder)
33%
GL Bergisch Gladbach
33%
BID Biedenkopf
33%
BUL Burglengenfeld
33%
CLP Cloppenburg
33%
FEU Feuchtwangen
33%
FS Freising
33%
FZ Fritzlar
33%
GA Gardelegen
33%
GIE Giengen an der Brenz
33%
GW Greifswald
33%
Güstrow
33%
HET Hettstedt
33%
HIL Hilden
33%
HOT Hohenstein - Ernstthal
33%
JL Jerichower Land (LK)
33%
KÜN Künzelsau
33%
Lörrach
33%
LBZ Lübz
33%
MCH Mechernich
33%
MGN Meiningen
33%
ME Mettmann
33%
MS Münster
33%
GOH Sankt Goarshausen
33%
BÜR Büren
29%
AW Ahrweiler
25%
AP Apolda (LK)
25%
BC Biberach an der Riß
25%
BÜN Bünde
25%
DOR Dorsten
25%
DN Düren
25%
EB Eilenburg
25%
EIN Einbeck
25%
ERB Erbach (Odenwald)
25%
FIL Filderstadt
25%
FRG Freyung - Grafenau (LK)
25%
GAP Garmisch-Partenkirchen
25%
GRA Grafenau
25%
GRV Greven
25%
HAN Haan
25%
HGN Hagenow
25%
HR Homberg (Efze)
25%
KM Kamenz
25%
KF Kaufbeuren
25%
KEH Kelheim
25%
KK Kempen - Krefeld
25%
KRU Krumbach (Schwaben)
25%
MAB Marienberg
25%
BGD Berchtesgaden
20%
BIN Bingen am Rhein
20%
BRV Bremervörde
20%
BRG Burg
20%
CM Crimmitschau
20%
DIN Dinslaken
20%
EE Elbe - Elster (LK)
20%
GVM Grevesmühlen
20%
HBS Halberstadt
20%
HDL Haldensleben
20%
HGW Hansestadt Greifswald
20%
HEM Hemer
20%
HEN Hennef (Sieg)
20%
HF Herford
20%
LDS Landkreis Dahme - Spreewald
20%
LÖB Löbau
20%
LUP Ludwigslust - Parchim (LK)
20%
MGN Meiningen
20%
MSG Mössingen
20%
ABG Altenburg (LK)
17%
BGK Bergkamen
17%
BBG Bernburg (Saale)
17%
BNH Bornheim
17%
EBN Ebern
17%
IH Isernhagen
17%
BK Backnang (LK)
14%
HCH Hechingen
14%
KÖW Königswinter
14%
ACH Achern
0%
AH Ahaus
0%
AZ Aizey
0%
ALD Alsdorf
0%
AK Altenkirchen
0%
AT Alten Treptow
0%
AM Amberg
0%
AND Andernach
0%
ANG Angermünde
0%
ABI Anhalt - Bitterfeld (LK)
0%
AZE Anhalt - Zerbst (LK)
0%
ARN Arnstadt
0%
ART Artern
0%
ATT Attendorn
0%
AE Auerbach (Vogtland)
0%
BRK Bad Brückenau
0%
DBR Bad Doberan
0%
GRI Bad Griesbach am Rottal
0%
HG Bad Homburg vor der Höhe
0%
HON Bad Honnef
0%
KG Bad Kissingen
0%
KÖN Bad Königshofen im Grabfeld
0%
KÖZ Bad Kötzting
0%
LSZ Bad Langensalza
0%
LIB Bad Liebenwerda
0%
LBS Bad Lobenstein
0%
MGH Bad Mergentheim
0%
BAW Baesweiler
0%
BL Balingen
0%
BAR Barnim (LK)
0%
BSH Barsinghausen
0%
BE Beckum
0%
BEB Bedburg
0%
BSK Beeskow
0%
BM Bergheim
0%
BER Bernau
0%
BSB Bersenbrück
0%
BIR Birkenfeld
0%
BIW Bischofswerda
0%
BTF Bitterfeld - Wolfen
0%
BIB Bletigheim - Bissingen
0%
BOH Bocholt
0%
BK Börde - Kreis (LK)
0%
BRS Bramsche
0%
BED Brand - Erbisdorf
0%
BRL Braunlage
0%
BRT Bretten
0%
BHZ Buchholz in der Nordheide
0%
BÜD Büdingen
0%
BH Bühl
0%
BLK Burgenlandkreis (LK)
0%
BHA Burghausen
0%
BÜZ Bützow
0%
BX Buxtehude
0%
CA Calau
0%
CLZ Clausthal - Zellerfeld
0%
COC Cochem - Zell (LK)
0%
CS Coswig
0%
CR Crailsheim
0%
DAU Daun in der Eifel
0%
DEB Deibrück
0%
DZ Delitzsch
0%
DI Dieburg
0%
DH Diepholz (LK)
0%
DW Dippoldiswalde
0%
DIT Ditzingen
0%
DL Döbeln
0%
DG Dormagen
0%
EG Eggenfelden
0%
EI Eichstätt
0%
EIS Eisenberg
0%
EH Eisenhüttenstadt
0%
EIL Eisleben
0%
EJ Ellwangen (Jagst)
0%
ELS Elsdorf (Rheinland)
0%
EIF Elslingen (Fils)
0%
EMM Emmerich am Rhein
0%
EDT Emsdetten
0%
EP Eppingen
0%
EF Erfurt
0%
EK Erkrath
0%
ESW Eschwege
0%
EWL Eschweiler
0%
ESP Espelkamp
0%
ET Ettlingen
0%
FKS Falkensee
0%
FI Finsterwalde
0%
FT Frankenthal (Pfalz)
0%
FRE Frechen
0%
FE Freiburg im Breisgau
0%
FTL Freital
0%
FB Friedberg
0%
GDB Gadebusch
0%
GKS Ganderkesee
0%
GAR Garbsen
0%
GEI Geislingen an der Steige
0%
GHA Geithain
0%
GEL Geldern
0%
GN Gelnhausen
0%
GMH Georgsmarienhütte
0%
GMG Germering
0%
GER Germersheim
0%
GEO Gerolzhofen
0%
GEV Gevelsberg
0%
GC Glauchau
0%
GP Göppingen
0%
GR Görlitz
0%
GS Goslar
0%
GHC Gräfenhainichen
0%
GV Grevenbroich
0%
GMN Grimmen
0%
GRO Gronau (Westf.)
0%
GRH Großenhain
0%
GZ Günzburg
0%
GUN Gunzenhausen
0%
GT Gütersloh
0%
HC Hainichen
0%
HAB Hammelburg
0%
HMK Hamminkeln
0%
HU Hanau
0%
HST Hansestadt Stralsund
0%
HWI Hansestadt Wismar
0%
HAT Hattingen
0%
HVL Havelland (LK)
0%
HHS Heiligenhaus
0%
HS Heinsberg
0%
HIG Helligenstadt
0%
HE Helmstedt
0%
HDF Henningsdorf
0%
HDK Herdecke
0%
HBG Herrenberg
0%
HEB Hersbruck
0%
HT Herten
0%
HÖS Höchstadt an der Aisch
0%
HOC Hockenheim
0%
HOG Hofgeismar
0%
HOH Hofheim
0%
HOL Holzminden
0%
HOR Horb am Neckar
0%
HY Hoyerswerda
0%
HHV Hückelhoven
0%
HÜR Hürth
0%
IO Idar-Oberstein
0%
IG Ingelheim am Rhein
0%
JE Jessen (Elster)
0%
KAT Kaarst
0%
KAL Kamp - Lintfort
0%
KEM Kemnath
0%
KMP Kempen
0%
KE Kempten (Allgäu)
0%
KER Kerpen
0%
KIT Kirchheim unter Teck
0%
KLZ Klötze
0%
KW Königs Wusterhausen
0%
KB Korbach
0%
KWH Kornwestheim
0%
KOR Korschenbroich
0%
KR Krefeld
0%
KRZ Kreuztal
0%
KU Kulmbach
0%
KY Kyritz
0%
LZ Laatzen
0%
LAG Lage (Lippe)
0%
LS Lahnstein
0%
LR Lahr im Schwarzwald
0%
LAN Landau an der Isar
0%
LD Landau in der Pfalz
0%
LOS Landkreis Oder - Spree
0%
LAF Langenfeld (Rheinland)
0%
LAH Langenhagen
0%
LAU Lauf an der Pegnitz
0%
LF Laufen (Salzach)
0%
LEH Lehrte
0%
LLN Leichlingen (Rheinland)
0%
LEI Leimen
0%
LFE Leinfelden - Echterdingen
0%
LEN Lennestadt
0%
LKI Leutkirch im Allgäu
0%
LIF Lichtenfels
0%
LOF Limbach - Oberfrohna
0%
LI Lindau (Bodensee)
0%
LP Lippstadt
0%
LOM Lohmar
0%
LÖH Löhne
0%
LN Lübben (Spreewald)
0%
LC Luckau
0%
LH Lüdinghausen
0%
LU Ludwigshafen am Rhein
0%
MC Maichin
0%
MAI Mainburg
0%
MAL Mallersdorf - Pfaffenberg
0%
ML Mansfelder Land (LK)
0%
MSH Mansfeld - Südharz (LK)
0%
MRL Mari
0%
MOL Märkisch - Oderland (LK)
0%
MOD Marktoberdorf
0%
MAK Marktredwitz
0%
MCK Meckenheim
0%
MSE Mecklenburgische Seenplatte (LK)
0%
MEB Meerbusch
0%
MED Meidorf
0%
MEG Meisungen
0%
MEL Melle
0%
MET Mellrichstadt
0%
MEN Menden (Sauerland)
0%
MER Merseburg
0%
MEZ Metzingen
0%
MB Miesbach
0%
MIL Miltenberg am Main
0%
MN Mindelheim
0%
MEK Mittlerer Erzgebirgskreis (LK)
0%
MHM Monheim am Rhein
0%
MON Monschau
0%
MH Mühlheim an der Ruhr
0%
AUG Sankt Augustin
0%
HSB Schloß Holte - Stukenbrock
0%
GD Schwäbisch Gmünd
0%
IGB St. Ingbert
0%
Keine übereinstimmenden Quizze gefunden
Verteilung der Resultate
Anzahl Personen mit jedem Resultat
Perzentil nach korrekt beantworteten Fragen
Ihre Resultats-Entwicklung
Sie haben dieses Quiz noch nicht gespielt